LEADER 02339nam 2200589Ia 450 001 9910777938403321 005 20230124183023.0 010 $a1-4416-1663-2 010 $a1-60750-418-9 010 $a600-00-1486-4 035 $a(CKB)1000000000766319 035 $a(EBL)448785 035 $a(OCoLC)491258042 035 $a(SSID)ssj0000335855 035 $a(PQKBManifestationID)11229508 035 $a(PQKBTitleCode)TC0000335855 035 $a(PQKBWorkID)10277202 035 $a(PQKB)10630161 035 $a(MiAaPQ)EBC448785 035 $a(Au-PeEL)EBL448785 035 $a(CaPaEBR)ebr10309222 035 $a(EXLCZ)991000000000766319 100 $a20090210d2009 uy 0 101 0 $aeng 135 $aur|n|---||||| 181 $ctxt 182 $cc 183 $acr 200 12$aA class of algorithms for distributed constraint optimization$b[electronic resource] /$fAdrian Petcu 210 $aWashington, DC $cIOS Press$d2009 215 $a1 online resource (304 p.) 225 0 $aFrontiers in artificial intelligence and applications/faia ;$vv. 194 300 $aDescription based upon print version of record. 311 $a1-58603-989-X 327 $aTitle page; Contents; Introduction; I Preliminaries and Background; II The DPOP Algorithm; III Tradeoffs; IV Dynamics; V Self-Interest 330 $aAddresses three major issues that arise in Distributed Constraint Optimization Problems (DCOP): efficient optimization algorithms, dynamic and open environments, and manipulations from self-interested users. This book introduces a series of DCOP algorithms, which are based on dynamic programming. 410 0$aFrontiers in artificial intelligence and applications ;$vv. 194. 410 0$aFrontiers in artificial intelligence and applications.$pDissertations in artificial intelligence. 606 $aConstraint programming (Computer science) 606 $aArtificial intelligence 615 0$aConstraint programming (Computer science) 615 0$aArtificial intelligence. 676 $a005.1/16 676 $a006.3 700 $aPetcu$b Adrian$01506973 801 0$bMiAaPQ 801 1$bMiAaPQ 801 2$bMiAaPQ 906 $aBOOK 912 $a9910777938403321 996 $aA class of algorithms for distributed constraint optimization$93737413 997 $aUNINA LEADER 01229nam0 22002891i 450 001 UON00070523 005 20231205102348.939 100 $a20020107d1942 |0itac50 ba 101 $afre 102 $aFR 105 $a|||| ||||| 200 1 $aContribution a une etude de la toponymie du Haut Atlas$eAdrar n Deren d'apres les cartes de Jean Dresch$fEmile Laoust 205 $aParis : Librairie Orientaliste Paul Geuthner$b1942 210 $a179 p.$a24 cm 215 $aExtrait de la Revue des Etudes Islamiques annees 1939 cahiers III-IV 1940 cahiers I-II 316 $aData inesatta$5IT-UONSI B Afr1/0236 606 $aTOPONIMI$xAlto Atlante$3UONC020493$2FI 620 $aFR$dParis$3UONL002984 676 $a910.014$cToponimi$v21 700 1$aLAOUST$bEmile$3UONV045022$0658088 712 $aGeuthner$3UONV246291$4650 801 $aIT$bSOL$c20240220$gRICA 899 $aSIBA - SISTEMA BIBLIOTECARIO DI ATENEO$2UONSI 912 $aUON00070523 950 $aSIBA - SISTEMA BIBLIOTECARIO DI ATENEO$dSI B Afr 1 0236 $eSI MR 27173 7 0236 Data inesatta 996 $aContribution a une etude de la toponymie du Haut Atlas$91161422 997 $aUNIOR